|
|
|
|
| LEADER |
00000cam a2200000 a 4500 |
| 001 |
vtls001103628 |
| 003 |
SK-MaSNL |
| 005 |
20260301191716.0 |
| 008 |
250313s1981 xo a e n 000 0 slo |
| 015 |
|
|
|a SNBA1981/12
|
| 035 |
|
|
|a SNK000046470
|
| 035 |
|
|
|a urn:nbn:sk:snk-amlfio
|
| 035 |
|
|
|a urn:nbn:sk:snk-am008xju
|
| 035 |
|
|
|a CE5C58F6-752D-4A44-9A2E-82452B9D40B5
|
| 040 |
|
|
|a SNK
|b slo
|c SNK
|e AACR2
|
| 041 |
0 |
|
|a slo
|
| 044 |
|
|
|a xo
|c SK
|
| 080 |
|
|
|a 621.391(075.8)
|2 1981
|
| 100 |
1 |
|
|a Chmúrny, Ján,
|d 1923-2009
|4 aut
|9 13779
|
| 245 |
1 |
0 |
|a Teoretická rádioelektronika
|n 1
|p Teória signálov
|c Ján Chmúrny
|
| 246 |
3 |
0 |
|a Teória signálov
|
| 250 |
|
|
|a 1. vyd., 1. dotl.
|
| 260 |
|
|
|a Bratislava
|b Slovenská vysoká škola technická
|c 1981
|
| 300 |
|
|
|a 228 s.
|b sch.
|c 29 cm
|
| 366 |
|
|
|e 100 výt.
|
| 504 |
|
|
|a Bibliogr. odkazy
|
| 650 |
0 |
7 |
|a rádioelektronika
|2 SNKPH
|9 4114
|
| 650 |
0 |
7 |
|a elektrické signály
|2 SNKPH
|9 503652
|
| 650 |
0 |
7 |
|a teória signálov
|2 SNKPH
|9 93971
|
| 655 |
|
7 |
|a učebnice vysokých škôl
|2 SNKPH
|9 70191
|
| 852 |
|
|
|a Slovenská národná knižnica
|
| 958 |
|
|
|a OND
|
| 958 |
|
|
|a UV
|
| 958 |
|
|
|a NB
|
| 999 |
|
|
|c 871949
|d 873879
|
| 952 |
|
|
|a SNK
|b SNK
|y PREZ
|7 0
|p 17A0992251
|o snkSB 32666/1
|i snkKSP 9905/81
|0 0
|1 0
|4 0
|d 2013-06-26
|f 1
|l 0
|r 2025-04-07 00:00:00
|w 2026-02-24
|
| 952 |
|
|
|a SNK
|b SNK
|y VYP
|7 0
|o snkSB 32666/1 D1
|i snkKSP 9906/81
|0 0
|1 0
|4 0
|d 2013-06-26
|l 0
|r 2026-02-24 05:46:11
|w 2026-02-24
|